Responses for show #6174 - Thursday, June 16, 2011

Contestants

[<< previous game]

Lisa Longo, a stay-at-home mother from Bala Cynwyd, Pennsylvania

Stewart Tuttle, a foreign service officer from Vienna, Virginia

Nick Condon, a research chemist originally from Lakewood, Colorado (whose 3-day cash winnings total $80,101)

[next game >>]

Jeopardy! Round responses

FUN WITH ELEMENTS
'80s TV
IT'S "AL" DELICIOUS
POETS & POETRY
IT'S A DISASTER
BE PREPARED
    $200 1
carbon

Nick
    $200 4
Cheers

Nick
    $200 21
(fettuccine) Alfredo

Lisa
    $200 8
(Henry David) Thoreau

Lisa
    $200 16
(Nick: What is Pennsylvania?)

West Virginia

NickStewart
    $200 24
peace

Stewart
    $400 2
sulfur

Triple Stumper
    $400 6
Mama's Family

Lisa
    $400 22
albumen

Lisa
    $400 11
(Nick: What is wood?)

fire

Nick
Triple Stumper
    $400 17
(Lisa: What is 1988?)

1980

NickLisa
    $400 25
(Lisa: Who is Gerald Ford?)

Dan Quayle

NickLisa
    $600 3
aluminum

Lisa
    $600 7
Roseanne

Stewart
    $600 23
al dente

Stewart
    $600 12
John

Nick
    $600 18
(the crash of) the Hindenburg

Nick
    $600 26
(Stewart: What are the Marines?)

the Coast Guard

Stewart
Triple Stumper
    $800 5
bromine

Stewart
    $800 9
Moonlighting

Nick
    $800 29
an alligator pear

Nick
    $800 14
Wordsworth

Stewart
    $800 19
a hurricane

Stewart
    $800 27
the Future Farmers of America

Lisa
    $1000 10
phosphorus

Stewart
    $1,400 13
Magnum, P.I.

Nick
    $1000 30
allspice

Nick
    $1000 15
E. E. Cummings

Lisa
    $1000 20
Bhopal

Stewart
    $1000 28
(Constantin) Stanislavski

Stewart

Scores at the first commercial break (after clue 15):

Nick Stewart Lisa
$2,800 $3,200 $2,200

Scores at the end of the Jeopardy! Round:

Nick Stewart Lisa
$5,800 $6,400 $2,800

Double Jeopardy! Round responses

CAPITAL RIVERS
THAT'S ENTERTAINMENT
& IN OTHER NEWS...
LEGISLATIVE LEGACIES
GOULASH
DOUBLE THE W
    $400 7
the Nile

Nick
    $400 1
The Roommate

Lisa
    $400 12
an earthquake

Stewart
    $400 28
the Endangered Species Act

Lisa
    $400 6
blue

Stewart
    $400 30
a swallow

Nick
    $800 23
the Danube

Stewart
    $800 2
The Wizard of Oz

Nick
    $800 16
Spain

Stewart
    $10,000 27
the Homestead Act

Stewart
    $800 8
(Stewart: Who was, um, Daley?)

(Rahm) Emanuel

NickStewart
    $800 29
downtown

Stewart
    $1200 20
(Stewart: [No response])
...
(Alex: No harm, no foul. You're the only one who lost on that one.)

the Mekong

Stewart
Triple Stumper
    $1200 3
"Need You Now"

Triple Stumper
    $1200 14
(Stewart: Um...)

Kabul

NickStewart
    $1200 22
Charles ("Chuck") Schumer

Nick
    $1200 9
etch

Lisa
    $1200 25
a widow

Lisa
    $1600 21
(Nick: What is the Danube?)
(Stewart: What is the Oder?)

the Vistula

NickStewart
Triple Stumper
    $1600 4
Beetle Bailey

Nick
    $1600 13
Bertha

Nick
    $1600 17
(Andrew) Volstead

Stewart
    $1600 10
Denmark

Triple Stumper
    $1600 24
the willow

Lisa
    $2000 18
the Niger

Stewart
    $2000 5
(Lisa: Who is Joan Rivers?)

Lisa Lampanelli

Lisa
Triple Stumper
    $4,000 15
Dubliners

Nick
    $2000 19
Taft

Stewart
    $2000 11
Crocodilians

Nick
    $2000 26
awkward

Stewart

Scores at the end of the Double Jeopardy! Round:

Nick Stewart Lisa
$18,200 $22,400 $5,600

[wagering suggestions for these scores]

Final Jeopardy! Round responses

20th CENTURY NOVELS
LisaWhat is ?
$5,599
NickWhat is Tropic of Capricorn
$9,799
StewartWhat is Lady Chatterley's Lover?
$14,100
Lady Chatterley's Lover

Final scores:

Nick Stewart Lisa
$8,401 $36,500 $1
2nd place: $2,000 New champion: $36,500 3rd place: $1,000

Game dynamics:

Coryat scores:

Nick Stewart Lisa
$15,800 $13,200 $5,600
20 R
(including 2 DDs),
3 W
20 R
(including 1 DD),
5 W
12 R,
3 W

Combined Coryat: $34,600

The J! Archive is created by fans, for fans. The Jeopardy! game show and all elements thereof, including but not limited to copyright and trademark thereto, are the property of Jeopardy Productions, Inc. and are protected under law. This website is not affiliated with, sponsored by, or operated by Jeopardy Productions, Inc. Join the discussion at JBoard.tv.